000 00827cam a2200241 4500
001 ABS62151
008 000000n2000 000 0 eng u
035 _a(Sirsi) u105455
100 _aEade, C.
245 _aBeyond the Budget
260 _c2000
490 _aProperty Week
_v65(14) 7 April 2000, 62-63(2)
520 _aDiscusses how the Budget will affect small firms looking in particular at how the increase in stamp duty may affect land values and how they can benefit from incentives to invest in IT and communications technology.
590 _aABS
650 _aSMALL FIRMS
650 _aBUDGET 2000
650 _aSTAMP DUTY
650 _aLAND VALUES
650 _aMANAGEMENT-BUSINESS MANAGEMENT-INFORMATION MANAGEMENT
650 _aINCENTIVES
690 _aMANAGEMENT-BUSINESS MANAGEMENT
942 _n0
999 _c63185
_d63185